बेटा-बेटी एक समान : (Record no. 117581)

MARC details
000 -LEADER
fixed length control field 01240nam a22002777a 4500
003 - CONTROL NUMBER IDENTIFIER
control field dpl
005 - DATE AND TIME OF LATEST TRANSACTION
control field 20190418135536.0
008 - FIXED-LENGTH DATA ELEMENTS--GENERAL INFORMATION
fixed length control field 190418b ||||| |||| 00| 0 eng d
010 ## - LIBRARY OF CONGRESS CONTROL NUMBER
LC control number B-105793
020 ## - INTERNATIONAL STANDARD BOOK NUMBER
Terms of availability 90.00
International Standard Book Number 8188124591
035 ## - SYSTEM CONTROL NUMBER
System control number B-105793, B-105809
037 ## - SOURCE OF ACQUISITION
Source of stock number/acquisition Cen Lib/Ret
040 ## - CATALOGING SOURCE
Original cataloging agency DPL
Language of cataloging HN
Transcribing agency 0
082 ## - DEWEY DECIMAL CLASSIFICATION NUMBER
Classification number 822
Item number शर्मारा
100 ## - MAIN ENTRY--PERSONAL NAME
Personal name शर्मा, रामनिरंजन
9 (RLIN) 75548
245 ## - TITLE STATEMENT
Title बेटा-बेटी एक समान :
Statement of responsibility, etc रामनिरंजन शर्मा
Remainder of title किशोरोपयोगी एकांकी-संग्रह /
246 ## - VARYING FORM OF TITLE
Title proper/short title Beta-bet ek samaan : kishoropyogi ekanki-sangreh /
Remainder of title by Ramniranjan Sharma
260 ## - PUBLICATION, DISTRIBUTION, ETC. (IMPRINT)
Place of publication, distribution, etc दिल्ली
Name of publisher, distributor, etc विकास पेपर बैक्स
Date of publication, distribution, etc 2004
270 ## - ADDRESS
Address IX/221, मेन रोड, गांधीनगर
City दिल्ली
Postal code 110031
300 ## - PHYSICAL DESCRIPTION
Extent 128पृ. :
Dimensions 21सेमी(सजिल्द)
Other physical details सचित्र
650 ## - SUBJECT ADDED ENTRY--TOPICAL TERM
Topical term or geographic name as entry element हिन्दी साहित्य
9 (RLIN) 75549
650 ## - SUBJECT ADDED ENTRY--TOPICAL TERM
Topical term or geographic name as entry element हिन्दी -- नाटक
9 (RLIN) 1413
650 ## - SUBJECT ADDED ENTRY--TOPICAL TERM
Topical term or geographic name as entry element Hindi literature
9 (RLIN) 75550
650 ## - SUBJECT ADDED ENTRY--TOPICAL TERM
Topical term or geographic name as entry element Hindi - drama
9 (RLIN) 75551
942 ## - ADDED ENTRY ELEMENTS (KOHA)
Source of classification or shelving scheme Dewey Decimal Classification
Koha item type Hindi Books
Classification part 822
Call number suffix शर्मारा
Holdings
Withdrawn status Lost status Damaged status Not for loan Home library Current library Date acquired Source of acquisition Cost, normal purchase price Total Checkouts Full call number Barcode Date last seen Date checked out Copy number Cost, replacement price Price effective from Koha item type Source of classification or shelving scheme Collection code
        Central Library Central Library 07/09/2015 Cen Lib/Ret 90.00 1 822 शर्मारा B-105793 28/09/2018 23/08/2018 1 90.00 07/09/2015 Hindi Books    
        Shahdara Branch Shahdara Branch 18/04/2019 BPPD/PUB 90.00 1 822 शर्मारा B-105809 02/05/2019 18/04/2019   90.00 18/04/2019 Hindi Books Dewey Decimal Classification Non-fiction

© Delhi Public Library
Hit Counter
free hit counter